|
|
|
|
| LEADER |
00000caa a22000002c 4500 |
| 001 |
163231987X |
| 003 |
DE-627 |
| 005 |
20220607133036.0 |
| 007 |
tu |
| 008 |
150722s2015 xx ||||| 00| ||ger c |
| 035 |
|
|
|a (DE-627)163231987X
|
| 035 |
|
|
|a (DE-576)439858712
|
| 035 |
|
|
|a (DE-599)BSZ439858712
|
| 040 |
|
|
|a DE-627
|b ger
|c DE-627
|e rakwb
|
| 041 |
|
|
|a ger
|
| 100 |
1 |
|
|a Goldsmith, Andrew John
|d 1955-
|0 (DE-588)1105771865
|0 (DE-627)862843979
|0 (DE-576)167999311
|4 aut
|
| 109 |
|
|
|a Goldsmith, Andrew John 1955-
|a Goldsmith, Andrew J. 1955-
|a Goldsmith, Andrew 1955-
|
| 245 |
1 |
0 |
|a Digital drift and the criminal interaction order
|c Andrew Goldsmith; Russel Brewer
|
| 264 |
|
1 |
|c 2015
|
| 336 |
|
|
|a Text
|b txt
|2 rdacontent
|
| 337 |
|
|
|a ohne Hilfsmittel zu benutzen
|b n
|2 rdamedia
|
| 338 |
|
|
|a Band
|b nc
|2 rdacarrier
|
| 700 |
1 |
|
|a Brewer, Russell
|0 (DE-588)1059899779
|0 (DE-627)798983620
|0 (DE-576)408649518
|4 aut
|
| 773 |
0 |
8 |
|i In
|t Theoretical criminology
|d London : Sage, 1997
|g 19(2015), 1, Seite 112-130
|w (DE-627)216376157
|w (DE-600)1338484-3
|w (DE-576)058070303
|x 1362-4806
|7 nnas
|
| 773 |
1 |
8 |
|g volume:19
|g year:2015
|g number:1
|g pages:112-130
|
| 951 |
|
|
|a AR
|
| ELC |
|
|
|b 1
|
| LOK |
|
|
|0 000 xxxxxcx a22 zn 4500
|
| LOK |
|
|
|0 001 3284255184
|
| LOK |
|
|
|0 003 DE-627
|
| LOK |
|
|
|0 004 163231987X
|
| LOK |
|
|
|0 005 20150722164147
|
| LOK |
|
|
|0 008 150722||||||||||||||||ger|||||||
|
| LOK |
|
|
|0 040
|a DE-21-110
|c DE-627
|d DE-21-110
|
| LOK |
|
|
|0 689
|a s
|a Criminal interaction order
|
| LOK |
|
|
|0 689
|a s
|a Digital drift
|
| LOK |
|
|
|0 689
|a s
|a Encounter
|
| LOK |
|
|
|0 689
|a s
|a Goffman
|
| LOK |
|
|
|0 689
|a s
|a Internet
|
| LOK |
|
|
|0 689
|a s
|a Matza
|
| LOK |
|
|
|0 852
|z Kein Bestand am IfK; Nachweis für KrimDok
|
| LOK |
|
|
|0 852
|a DE-21-110
|
| LOK |
|
|
|0 852 1
|m v
|9 00
|
| LOK |
|
|
|0 938
|k v
|
| LOK |
|
|
|0 939
|a 22-07-15
|b l01
|
| ORI |
|
|
|a SA-MARC-krimdoka001.raw
|